[Event "Asian Academies Hybrid Chess-ch 2021"]
[Site "Tornelo"]
[Date "2021.11.21"]
[Round "6.1"]
[White "Husam Al-Dain Abdulhakim Nashe"]
[Black "Manon, Reja Neer"]
[Result "1/2-1/2"]
[WhiteElo "1342"]
[BlackElo "2048"]
[Annotator "TA"]
[PlyCount "41"]
[EventDate "2021.11.21"]
[EventCountry "NET"]
[SourceTitle "playchess.com"]
[Source "ChessBase"]
[SourceQuality "1"]

{[%evp 21,41,66,71,79,76,56,279,269,378,389,363,344,335,36,326,0,10,0,317,0,4,0]} 1. e4 c6 2. d4 d5 3. exd5 cxd5 4. c4 Nf6 5. Nc3 e6 6. Nf3 Nc6 7. cxd5 Nxd5 8. Bd3 Be7 9. O-O O-O 10. Re1 Nxc3 11. bxc3 b6 12. h4 {D42: Queen's Gambit Declined: Semi-Tarrasch: 5 cxd5 Nxd5 6 e3 Nc6 7 Bd3 .} Bb7 13. Ng5 g6 $2 {[#]} (13... Bxg5 $14 14. Bxg5 Qd5) 14. Nxh7 $1 $18 {[%mdl 512] White has a decisive advantage.} Kxh7 (14... Nb4 $142) 15. Qh5+ $1 Kg8 16. Bxg6 fxg6 17. Qxg6+ {[%mdl 64] Double Attack} Kh8 {[#] White must now prevent ...Rf6.} 18. Qh6+ (18. Re4 $1 $18 {Qh6+ would kill now.} Rf7 19. Qxf7) 18... Kg8 $11 {[#] aiming for ...Rf6.} 19. Qg6+ $146 {[%mdl 8192]} (19. Re4 $11 Ne5 20. Rxe5) ({Predecessor:} 19. Re4 Bf6 20. Rg4+ Kf7 21. Ba3 e5 22. Qh7+ Ke6 23. Qxb7 Na5 24. Qe4 Qd5 25. dxe5 Qxe4 26. Rxe4 Be7 27. Bxe7 Kxe7 {½-½ (91) Okun,E (2207)-Sychev,V (2025) Tambov 2016}) 19... Kh8 $18 {[#]} 20. Qh6+ (20. Re4 $1 $18 {Threatening mate with Qh6+.} Rf7 21. Qxf7) 20... Kg8 $11 {Strongly threatening ...Rf6.} 21. Qg6+ {Weighted Error Value: White=0.61/Black=0.53} 1/2-1/2

[Event "Asian Academies Hybrid Chess-ch 2021"]
[Site "Tornelo"]
[Date "2021.11.21"]
[Round "6.2"]
[White "Ajami, Kiyana"]
[Black "Kazi Afsan Rawnak, Anan"]
[Result "1/2-1/2"]
[WhiteElo "1170"]
[BlackElo "1410"]
[Annotator "NA RC"]
[PlyCount "71"]
[EventDate "2021.11.21"]
[EventCountry "NET"]
[SourceTitle "playchess.com"]
[Source "ChessBase"]
[SourceQuality "1"]
[TimeControl "3600+30"]

1. d4 {[%emt 0:01:29]} d5 {[%emt 0:00:42]} 2. Nf3 {[%emt 0:00:09]} Nf6 {[%emt 0:00:03]} 3. e3 {[%emt 0:00:07]} e6 {[%emt 0:01:29]} 4. Bd3 {[%emt 0:00:05]} c5 {[%emt 0:00:35]} 5. c3 {[%emt 0:00:32]} Bd6 {[%emt 0:02:22]} 6. Ne5 {[%emt 0:01:29]} Bxe5 {[%emt 0:02:32]} 7. dxe5 {[%emt 0:00:04]} Nfd7 {[%emt 0:00:32]} 8. f4 {[%emt 0:02:54]} c4 {[%emt 0:01:45]} 9. Bc2 {[%emt 0:00:30]} Qh4+ {[%emt 0:00:41]} 10. g3 {[%emt 0:00:20]} Qh3 {[%emt 0:00:16]} 11. Qe2 {[%emt 0:00:22]} b5 {[%emt 0:05:45]} 12. Nd2 {[%emt 0:02:06]} Bb7 {[%emt 0:01:07]} 13. e4 {[%emt 0:01:21]} Nc5 {[%emt 0:02:34]} 14. b4 {[%emt 0:05:22]} Ncd7 {[%emt 0:03:14]} 15. Bb2 {[%emt 0:03:36]} O-O {[%emt 0:04:18]} 16. O-O-O {[%emt 0:01:26]} a5 {[%emt 0:02:15]} 17. Kb1 {[%emt 0:03:19]} Rc8 {[%emt 0:02:30]} 18. Qe3 {[%emt 0:02:02]} f6 {[%emt 0:03:10]} 19. Nf3 {[%emt 0:02:36]} fxe5 {[%emt 0:01:50]} 20. fxe5 {[%emt 0:01:03]} a4 {[%emt 0:03:13]} 21. exd5 {[%emt 0:02:25]} Bxd5 {[%emt 0:00:35]} 22. Ng5 {[%emt 0:03:37]} Qh6 {[%emt 0:03:05]} 23. Bxh7+ {[%emt 0:02:07]} Kf8 {[%emt 0:01:16]} 24. Rhf1+ {[%emt 0:02:03]} Ke8 {[%emt 0:00:28]} 25. Qf4 {[%emt 0:01:25]} Nc6 {[%emt 0:03:44]} 26. Be4 {[%emt 0:03:44]} Bxe4+ {[%emt 0:02:57]} 27. Nxe4 {[%emt 0:00:57]} Qg6 {[%emt 0:01:07]} 28. Ka1 {[%emt 0:01:02]} Rcb8 {[%emt 0:03:22]} 29. Nc5 {[%emt 0:01:10]} Ncxe5 {[%emt 0:01:28]} 30. Nxd7 {[%emt 0:01:03]} Nxd7 {[%emt 0:00:30]} 31. Qd6 {[%emt 0:00:37]} Ra7 {[%emt 0:00:34]} 32. g4 {[%emt 0:01:57]} Rb6 {[%emt 0:03:59]} 33. Qd4 {[%emt 0:00:29]} e5 {[%emt 0:00:48]} 34. Qf2 {[%emt 0:01:07]} Rc7 {[%emt 0:01:18]} 35. h4 {[%emt 0:01:11]} Rf6 {[%emt 0:00:26]} 36. Qg2 {[%emt 0:01:31]} 1/2-1/2

[Event "Asian Academies Hybrid Chess-ch 2021"]
[Site "Tornelo"]
[Date "2021.11.21"]
[Round "6.3"]
[White "Alizadeh, Amirmohammad"]
[Black "Galiakbarov, Aldiyar"]
[Result "1/2-1/2"]
[WhiteElo "1792"]
[BlackElo "1141"]
[Annotator "NA RC"]
[PlyCount "116"]
[EventDate "2021.11.21"]
[EventCountry "NET"]
[SourceTitle "playchess.com"]
[Source "ChessBase"]
[SourceQuality "1"]
[TimeControl "3600+30"]

1. e4 {[%emt 0:00:30]} c5 {[%emt 0:00:34]} 2. Nf3 {[%emt 0:00:21]} e6 {[%emt 0:00:03]} 3. d4 {[%emt 0:00:04]} cxd4 {[%emt 0:00:01]} 4. Nxd4 {[%emt 0:00:03]} Nf6 {[%emt 0:00:03]} 5. Nc3 {[%emt 0:00:03]} Nc6 {[%emt 0:00:02]} 6. Ndb5 {[%emt 0:00:03]} Bb4 {[%emt 0:00:05]} 7. a3 {[%emt 0:00:03]} Bxc3+ {[%emt 0:00:02]} 8. Nxc3 {[%emt 0:00:03]} d5 {[%emt 0:00:02]} 9. exd5 {[%emt 0:00:02]} exd5 {[%emt 0:00:02]} 10. Bd3 {[%emt 0:00:02]} d4 {[%emt 0:00:01]} 11. Ne2 {[%emt 0:00:11]} O-O {[%emt 0:00:03]} 12. O-O {[%emt 0:00:04]} h6 {[%emt 0:00:01]} 13. Bf4 {[%emt 0:00:23]} Bg4 {[%emt 0:01:19]} 14. Qd2 {[%emt 0:01:06]} Re8 {[%emt 0:01:49]} 15. Rad1 {[%emt 0:02:11]} Qb6 {[%emt 0:03:25]} 16. b3 {[%emt 0:05:39]} Bxe2 {[%emt 0:10:27]} 17. Bxe2 {[%emt 0:00:11]} Ne4 {[%emt 0:00:28]} 18. Qd3 {[%emt 0:00:22]} Nc5 {[%emt 0:00:34]} 19. Qb5 {[%emt 0:05:33]} Ne4 {[%emt 0:01:46]} 20. Rde1 {[%emt 0:05:59]} Nc3 {[%emt 0:14:57]} 21. Qxb6 {[%emt 0:00:39]} Nxe2+ {[%emt 0:00:14]} 22. Rxe2 {[%emt 0:00:28]} axb6 {[%emt 0:00:02]} 23. Rxe8+ {[%emt 0:00:34]} Rxe8 {[%emt 0:00:05]} 24. Rd1 {[%emt 0:01:08]} b5 {[%emt 0:01:51]} 25. Kf1 {[%emt 0:00:21]} f5 {[%emt 0:03:02]} 26. Re1 {[%emt 0:01:45]} Rxe1+ {[%emt 0:03:34]} 27. Kxe1 {[%emt 0:00:06]} Kf7 {[%emt 0:00:07]} 28. Kd2 {[%emt 0:00:14]} Ke6 {[%emt 0:00:10]} 29. Kd3 {[%emt 0:10:27]} Kd5 {[%emt 0:01:09]} 30. h4 {[%emt 0:01:02]} h5 {[%emt 0:00:30]} 31. f3 {[%emt 0:03:43]} Nd8 {[%emt 0:02:01]} 32. g3 {[%emt 0:00:55]} Ne6 {[%emt 0:00:09]} 33. Bc1 {[%emt 0:16:58]} Nc5+ {[%emt 0:00:23]} 34. Kd2 {[%emt 0:00:08]} g6 {[%emt 0:02:25]} 35. Ke2 {[%emt 0:03:09]} d3+ {[%emt 0:11:52]} 36. cxd3 {[%emt 0:00:05]} Nxb3 {[%emt 0:00:02]} 37. Bb2 {[%emt 0:00:02]} Nc5 {[%emt 0:00:16]} 38. Ke3 {[%emt 0:01:10]} Ne6 {[%emt 0:00:22]} 39. Bc3 {[%emt 0:00:54]} Nc5 {[%emt 0:00:36]} 40. Bb4 {[%emt 0:02:11]} Ne6 {[%emt 0:00:10]} 41. Bc3 {[%emt 0:01:08]} Nc5 {[%emt 0:00:07]} 42. Bb2 {[%emt 0:00:11]} Ne6 {[%emt 0:00:20]} 43. Bf6 {[%emt 0:02:17]} Nf8 {[%emt 0:00:27]} 44. g4 {[%emt 0:03:20]} Ne6 {[%emt 0:04:43]} 45. gxh5 {[%emt 0:00:15]} gxh5 {[%emt 0:00:03]} 46. Kd2 {[%emt 0:03:02]} Nd4 {[%emt 0:04:08]} 47. Ke3 {[%emt 0:02:34]} Ne6 {[%emt 0:00:04]} 48. Be7 {[%emt 0:00:17]} f4+ {[%emt 0:02:25]} 49. Ke2 {[%emt 0:00:57]} Nd4+ {[%emt 0:00:09]} 50. Kf2 {[%emt 0:00:18]} Ne6 {[%emt 0:00:50]} 51. Ke2 {[%emt 0:01:13]} Nd4+ {[%emt 0:00:11]} 52. Kf2 {[%emt 0:00:04]} Ke5 {[%emt 0:00:32]} 53. Bd8 {[%emt 0:01:04]} Ne6 {[%emt 0:00:59]} 54. Bb6 {[%emt 0:00:21]} Nd4 {[%emt 0:00:29]} 55. Bc7+ {[%emt 0:00:22]} Kf5 {[%emt 0:00:05]} 56. Bb6 {[%emt 0:00:37]} Ke5 {[%emt 0:00:59]} 57. Bc7+ {[%emt 0:00:06]} Kf5 {[%emt 0:00:04]} 58. Bb6 {[%emt 0:00:03]} Ke5 {[%emt 0:02:53]} 1/2-1/2

[Event "Asian Academies Hybrid Chess-ch 2021"]
[Site "Tornelo"]
[Date "2021.11.21"]
[Round "6.3"]
[White "Gholizadeh, Parya"]
[Black "Omarova, Aisha"]
[Result "1-0"]
[WhiteElo "1256"]
[BlackElo "1012"]
[Annotator "NA RC"]
[PlyCount "77"]
[EventDate "2021.11.21"]
[EventCountry "NET"]
[SourceTitle "playchess.com"]
[Source "ChessBase"]
[SourceQuality "1"]
[TimeControl "3600+30"]

1. d4 {[%emt 0:00:30]} e6 {[%emt 0:00:36]} 2. Nf3 {[%emt 0:00:13]} c5 {[%emt 0:00:05]} 3. e3 {[%emt 0:00:25]} Nc6 {[%emt 0:00:12]} 4. c3 {[%emt 0:00:39]} Nf6 {[%emt 0:00:24]} 5. Bd3 {[%emt 0:00:33]} b6 {[%emt 0:00:25]} 6. Nbd2 {[%emt 0:00:29]} Bb7 {[%emt 0:00:33]} 7. Nf1 {[%emt 0:01:37]} d6 {[%emt 0:00:50]} 8. Ng3 {[%emt 0:00:14]} e5 {[%emt 0:00:32]} 9. Qa4 {[%emt 0:04:31]} Qc7 {[%emt 0:04:02]} 10. O-O {[%emt 0:01:46]} O-O-O {[%emt 0:01:21]} 11. Ba6 {[%emt 0:01:27]} Na5 {[%emt 0:03:09]} 12. Bxb7+ {[%emt 0:00:10]} Qxb7 {[%emt 0:00:23]} 13. dxe5 {[%emt 0:00:15]} dxe5 {[%emt 0:02:01]} 14. Nxe5 {[%emt 0:00:06]} Bd6 {[%emt 0:00:20]} 15. Nc4 {[%emt 0:01:09]} Bxg3 {[%emt 0:01:30]} 16. hxg3 {[%emt 0:00:13]} Nc6 {[%emt 0:00:18]} 17. Na3 {[%emt 0:01:43]} h5 {[%emt 0:01:09]} 18. b4 {[%emt 0:02:14]} h4 {[%emt 0:02:06]} 19. bxc5 {[%emt 0:02:53]} h3 {[%emt 0:01:27]} 20. cxb6 {[%emt 0:00:59]} axb6 {[%emt 0:00:28]} 21. e4 {[%emt 0:08:06]} h2+ {[%emt 0:08:35]} 22. Kh1 {[%emt 0:00:31]} Ne5 {[%emt 0:00:22]} 23. Bf4 {[%emt 0:00:39]} Nd3 {[%emt 0:04:09]} 24. Qc4+ {[%emt 0:00:33]} Nc5 {[%emt 0:00:20]} 25. e5 {[%emt 0:00:54]} Nfe4 {[%emt 0:03:33]} 26. f3 {[%emt 0:01:12]} Nd2 {[%emt 0:00:48]} 27. Bxd2 {[%emt 0:00:34]} Rxd2 {[%emt 0:00:06]} 28. Nb5 {[%emt 0:02:24]} Kb8 {[%emt 0:02:07]} 29. Qf4 {[%emt 0:00:43]} Rb2 {[%emt 0:03:11]} 30. e6+ {[%emt 0:01:18]} Ka8 {[%emt 0:00:15]} 31. Nc7+ {[%emt 0:00:48]} Ka7 {[%emt 0:00:30]} 32. exf7 {[%emt 0:00:39]} Nd7 {[%emt 0:06:47]} 33. Qa4+ {[%emt 0:00:56]} Kb8 {[%emt 0:01:27]} 34. Qxd7 {[%emt 0:00:16]} Qxc7 {[%emt 0:00:35]} 35. Qe8+ {[%emt 0:00:09]} Rxe8 {[%emt 0:00:14]} 36. fxe8=Q+ {[%emt 0:00:10]} Ka7 {[%emt 0:00:09]} 37. Rfe1 {[%emt 0:00:36]} Qxg3 {[%emt 0:00:21]} 38. Re7+ {[%emt 0:00:29]} Ka6 {[%emt 0:00:03]} 39. Qa4# {[%emt 0:00:09]} 1-0

[Event "Asian Academies Hybrid Chess-ch 2021"]
[Site "Tornelo"]
[Date "2021.11.21"]
[Round "6.3"]
[White "Naimanov, Galymzhan"]
[Black "Mohammadi, Mohamad Amin"]
[Result "0-1"]
[WhiteElo "1256"]
[BlackElo "1855"]
[Annotator "NA RC"]
[PlyCount "130"]
[EventDate "2021.11.21"]
[EventCountry "NET"]
[SourceTitle "playchess.com"]
[Source "ChessBase"]
[SourceQuality "1"]
[TimeControl "3600+30"]

{[%evp 8,124,19,6,25,10,20,23,23,12,25,11,39,33,106,91,101,95,99,83,88,83,100,106,107,104,104,117,119,124,117,115,118,119,125,110,113,41,27,24,20,-5,-4,-6,-20,-45,-39,-31,-19,-38,-15,-65,-63,-79,-96,-92,-88,-144,-99,-100,-25,-25,0,-31,-49,-56,-62,-113,-117,-152,-171,-231,-231,32767,32767,32767,32767,32767,32767,32767,32767,32767,32767,32767,32767,32767,32767,32767,32767,32767,32767,32767,0,-465,-567,-616,-687,-691,-608,-576,32767,32767,32767,32767,32767,32767,32767,32767,32767,32767,32767,32767,32767,32767,32767,32767,-29974,-29989,-29989]} 1. d4 {[%emt 0:00:30]} Nf6 {[%emt 0:01:18]} 2. c4 {[%emt 0:00:06]} e6 {[%emt 0:00:53]} 3. Nc3 {[%emt 0:00:39]} d5 {[%emt 0:00:06]} 4. Bg5 {[%emt 0:00:46]} Be7 {[%emt 0:00:14]} 5. cxd5 {[%emt 0:01:39]} exd5 {[%emt 0:00:35]} 6. e3 {[%emt 0:00:30]} c6 {[%emt 0:00:53]} 7. Bd3 {[%emt 0:00:08]} Nbd7 {[%emt 0:00:15]} 8. Nge2 {[%emt 0:10:06]} h6 {[%emt 0:06:26] 8...Nf8 is the modern continuation.} 9. Bh4 {[%emt 0:00:56]} Ne4 {[%emt 0:02:15]} 10. Bxe7 {[%emt 0:02:43]} Qxe7 {[%emt 0:00:25]} 11. Bxe4 {[%emt 0:03:00]} dxe4 {[%emt 0:00:04] [#]} 12. Ng3 $1 {[%emt 0:00:47]} Nf6 {[%emt 0:00:09]} 13. Qc2 {[%emt 0:00:24]} O-O {[%emt 0:00:04]} 14. Ngxe4 {[%emt 0:02:40]} ({But not} 14. Ncxe4 $6 Nxe4 15. Nxe4 Bf5 $15) 14... Bf5 {[%emt 0:06:04]} 15. Nxf6+ {[%emt 0:00:38]} Qxf6 {[%emt 0:00:04]} 16. Qd2 {[%emt 0:09:16]} Qg6 {[%emt 0:01:40]} 17. O-O {[%emt 0:00:48]} Bh3 {[%emt 0:01:11]} 18. f3 {[%emt 0:01:46]} Rfe8 {[%emt 0:01:02] [#]} 19. Rfe1 $146 {[%emt 0:02:59]} ({Predecessor:} 19. Kh1 Be6 20. e4 Bc4 21. Rfd1 Rad8 22. Qf2 Qg5 23. Rac1 Qa5 24. h3 Re7 25. Rd2 Red7 26. Rcd1 b5 {½-½ (26) Borodkin,Y-Piven,V (1851) Krasnodar 2010}) 19... Rad8 {[%emt 0:00:29]} 20. Qf2 {[%emt 0:03:02]} Be6 {[%emt 0:03:25]} 21. Rad1 {[%emt 0:02:29]} f5 {[%emt 0:08:09]} 22. Ne2 {[%emt 0:02:43]} ({White should play} 22. h3 $16) 22... Bxa2 {[%emt 0:04:13]} 23. Ra1 {[%emt 0:01:09]} Qf7 {[%emt 0:00:59]} 24. Nc3 {[%emt 0:01:06]} Bc4 {[%emt 0:00:16]} 25. Ra3 {[%emt 0:11:59]} b6 {[%emt 0:09:33]} 26. f4 {[%emt 0:04:29]} Rd7 {[%emt 0:15:06]} 27. Nb1 {[%emt 0:00:54]} Qe7 {[%emt 0:00:48]} 28. Nd2 {[%emt 0:00:08]} Bd5 {[%emt 0:00:39]} 29. Rea1 {[%emt 0:00:23]} a5 {[%emt 0:04:35]} 30. Nf3 {[%emt 0:00:20]} Bxf3 {[%emt 0:00:49]} 31. Qxf3 {[%emt 0:00:08] [#]} c5 $1 {[%emt 0:00:11]} 32. d5 {[%emt 0:03:01] [#]} (32. Ra4 $142) 32... Qe4 {[%emt 0:00:42]} ({Black should play} 32... c4 $1 $19 33. Qe2 Qe4) 33. Qxe4 {[%emt 0:01:33]} fxe4 {[%emt 0:01:12]} (33... Rxe4 $17 34. Rd1 Kf7) 34. Rb3 {[%emt 0:00:20]} Rd6 {[%emt 0:00:45]} 35. Kf2 {[%emt 0:00:41]} Kf7 {[%emt 0:00:42]} 36. g4 {[%emt 0:00:28]} Ke7 {[%emt 0:01:06]} 37. Ra4 {[%emt 0:01:10]} (37. Kg3 $11 {keeps the balance.}) 37... Kd7 {[%emt 0:00:27]} 38. Kg3 {[%emt 0:02:30]} Kc7 {[%emt 0:00:23]} 39. f5 {[%emt 0:00:11]} (39. Rc3 $142) 39... Rxd5 {[%emt 0:00:09]} 40. Kf4 {[%emt 0:00:02]} Rd3 {[%emt 0:01:23]} 41. Rc3 {[%emt 0:00:45]} Rd2 {[%emt 0:00:11]} 42. Rxe4 {[%emt 0:00:22]} Rf2+ {[%emt 0:00:25]} 43. Kg3 {[%emt 0:00:08]} Rxe4 {[%emt 0:00:08]} 44. Kxf2 {[%emt 0:00:04]} Rxg4 {[%emt 0:00:02]} 45. Kf3 {[%emt 0:00:12]} Rb4 {[%emt 0:00:04]} 46. Rc2 {[%emt 0:00:05]} Kd6 {[%emt 0:01:13]} 47. e4 {[%emt 0:01:41]} Ke5 {[%emt 0:00:06]} 48. Re2 {[%emt 0:00:16]} Rb3+ {[%emt 0:00:29]} 49. Kg4 {[%emt 0:00:58]} Rb4 $2 {[%emt 0:01:15]} (49... a4 $19 50. Kh5 Rb4) 50. Kf3 {[%emt 0:00:57]} a4 {[%emt 0:00:15]} 51. h4 {[%emt 0:00:03]} b5 {[%emt 0:00:48]} 52. Rc2 {[%emt 0:00:26]} Rc4 {[%emt 0:00:15]} 53. Re2 {[%emt 0:00:40]} Rd4 {[%emt 0:00:09]} 54. Rc2 {[%emt 0:00:19]} c4 {[%emt 0:00:02]} 55. Rg2 {[%emt 0:00:23]} Rd3+ {[%emt 0:01:03]} 56. Ke2 {[%emt 0:00:14]} Kxe4 {[%emt 0:00:17]} 57. Rxg7 {[%emt 0:00:19]} Kxf5 {[%emt 0:00:04]} 58. Rg2 {[%emt 0:00:32]} Rh3 {[%emt 0:00:19]} 59. Rg8 {[%emt 0:01:01]} Rh2+ {[%emt 0:00:07]} 60. Kd1 {[%emt 0:00:02]} Rxb2 {[%emt 0:00:04]} 61. Kc1 {[%emt 0:00:01]} c3 {[%emt 0:00:10]} 62. Rb8 {[%emt 0:00:06]} b4 {[%emt 0:00:04]} 63. Ra8 {[%emt 0:00:04]} a3 {[%emt 0:00:15]} 64. h5 {[%emt 0:00:02]} a2 {[%emt 0:00:07]} 65. Ra5+ {[%emt 0:00:10]} Kg4 {[%emt 0:00:19]} 0-1

[Event "Asian Academies Hybrid Chess-ch 2021"]
[Site "Tornelo"]
[Date "2021.11.21"]
[Round "6.4"]
[White "Alizadeh, Amirhosein"]
[Black "De Silva, L M S T"]
[Result "0-1"]
[WhiteElo "1688"]
[BlackElo "2085"]
[Annotator "TA"]
[PlyCount "92"]
[EventDate "2021.11.21"]
[EventCountry "NET"]
[SourceTitle "playchess.com"]
[Source "ChessBase"]
[SourceQuality "1"]

{[%evp 18,92,0,-3,0,-3,56,70,182,191,215,95,393,400,392,138,361,359,484,483,471,468,622,614,681,493,988,541,508,538,518,518,483,460,462,455,392,298,512,298,287,277,256,233,222,214,195,181,190,87,204,161,157,74,211,187,187,14,14,0,0,-29964,-29968,-29966,-29963,-29962,-29962,-12839,-493,-5838,-5193,-29983,-29984,-29984,-29985,-29985,-29986]} 1. e4 e5 2. Nf3 Nc6 3. d4 exd4 4. Nxd4 Qf6 5. Be3 Bc5 6. c3 Nge7 7. g3 d5 8. Bg2 dxe4 9. Nd2 {is the legacy move (9.0-0).} Bxd4 10. cxd4 Bf5 {C45: Scotch Game.} 11. Nxe4 Qg6 ({Black should try} 11... Bxe4 $11 12. Bxe4 O-O-O) 12. Nc3 $1 $14 Bd3 {[#]} (12... O-O $14) 13. d5 $146 {[%cal Rd5c6]} ({Predecessor:} 13. h4 h5 14. Ne2 Bxe2 15. Qxe2 O-O-O 16. O-O Nd5 17. Rac1 Rhe8 18. Rxc6 Qxc6 19. Qxh5 {1-0 (36) Ahlers,B (2190)-Fayard,A (2360) Hoogeveen 2007}) 13... Ne5 14. Qa4+ Kf8 $2 {[%mdl 8192]} (14... c6 $16) 15. O-O-O Bf5 16. Be4 $2 (16. Bc5 $18) 16... Rd8 $2 (16... Nc8 $16 17. f4 Ng4) 17. Bc5 b6 18. Bxe7+ Kxe7 19. Rhe1 ({Don't play} 19. f4 Bxe4 20. Nxe4 Rhe8 $18) 19... Kf8 20. f4 Nd7 21. Qc6 Rc8 (21... Qxc6 $142 22. dxc6 Bg4) 22. Qb7 Nc5 {[#]} 23. Qxc8+ {[%mdl 512]} Bxc8 24. Bxg6 hxg6 25. Nb5 Rxh2 26. Nxc7 {[%csl Gc7][%cal Re1e8]} Bd7 27. Re3 f5 $2 (27... Kg8 28. Rde1 Nb7) 28. Ne6+ Bxe6 29. dxe6 {[%mdl 4096] Endgame Intending e7+ and mate. KRR-KRN} Ke7 30. Re5 {And now b4 would win.} a5 31. Rd2 Rh3 32. Re3 a4 33. b4 (33. Rd5 $18 {is more deadly.}) 33... Ne4 (33... axb3 $16 {was worth a try.} 34. axb3 g5) 34. Rd7+ Kxe6 35. Rxg7 ({White should play} 35. Rc7) 35... Rh1+ (35... Kd5 $16) 36. Kc2 Rh2+ {[#]} 37. Kb1 $2 ({Only move:} 37. Kd3 $1 $18) 37... Kd5 $1 $11 38. Rxg6 Kd4 39. Re1 {[%mdl 8192]} (39. Ra3 $11) 39... Nc3+ {[%mdl 64] Double Attack} 40. Kc1 Nxa2+ 41. Kb1 Nc3+ 42. Kc1 Kc4 (42... a3 $142 43. Rd6+ Kc4 44. Rc6+ Kb3 45. Rxc3+ Kxc3) 43. Rd6 (43. Rc6+ $142 Kb3 44. Rxc3+ Kxc3 45. b5) 43... a3 $19 {[%cal Ba4a3,Ba3a2][%mdl 32] ( -> ...a2)} 44. Rd2 {[#]} a2 $1 {[%mdl 512] Black mates.} 45. Kc2 Rxd2+ {[%mdl 64] Overworked Piece} 46. Kxd2 Nb1+ {Weighted Error Value: White=1.02/Black=0.67} 0-1

[Event "Asian Academies Hybrid Chess-ch 2021"]
[Site "Tornelo"]
[Date "2021.11.21"]
[Round "6.4"]
[White "Amarathunga, Kosala Sandeepa Cham"]
[Black "Babaei, Amir Hossein"]
[Result "0-1"]
[WhiteElo "1353"]
[BlackElo "1286"]
[Annotator "NA RC"]
[PlyCount "114"]
[EventDate "2021.11.21"]
[EventCountry "NET"]
[SourceTitle "playchess.com"]
[Source "ChessBase"]
[SourceQuality "1"]
[TimeControl "3600+30"]

1. e4 {[%emt 0:00:30]} c6 {[%emt 0:03:21]} 2. d4 {[%emt 0:02:15]} d5 {[%emt 0:00:08]} 3. Nc3 {[%emt 0:01:06]} dxe4 {[%emt 0:04:03]} 4. Nxe4 {[%emt 0:01:36]} Bf5 {[%emt 0:00:10]} 5. Ng3 {[%emt 0:00:58]} Bg6 {[%emt 0:00:06]} 6. h4 {[%emt 0:03:39]} h6 {[%emt 0:00:05]} 7. Nf3 {[%emt 0:03:59]} Nd7 {[%emt 0:00:15]} 8. Bd3 {[%emt 0:03:34]} Bxd3 {[%emt 0:00:08]} 9. Qxd3 {[%emt 0:00:25]} Qc7 {[%emt 0:02:21]} 10. Bd2 {[%emt 0:01:11]} O-O-O {[%emt 0:01:42]} 11. O-O-O {[%emt 0:02:10]} e6 {[%emt 0:03:09]} 12. Rhe1 {[%emt 0:14:12]} Kb8 {[%emt 0:02:29]} 13. Kb1 {[%emt 0:03:09]} a6 {[%emt 0:02:27]} 14. Qb3 {[%emt 0:01:45]} Ngf6 {[%emt 0:02:40]} 15. c4 {[%emt 0:04:20]} Be7 {[%emt 0:03:23]} 16. Bc3 {[%emt 0:02:13]} Ng4 {[%emt 0:01:38]} 17. Qc2 {[%emt 0:03:45]} Rhe8 {[%emt 0:03:03]} 18. c5 {[%emt 0:09:18]} g6 {[%emt 0:03:32]} 19. Ne4 {[%emt 0:01:57]} Qf4 {[%emt 0:02:20]} 20. Rd3 {[%emt 0:01:48]} Ndf6 {[%emt 0:02:09]} 21. Nxf6 {[%emt 0:04:54]} Bxf6 {[%emt 0:00:37]} 22. g3 {[%emt 0:00:53]} Qf5 {[%emt 0:02:08]} 23. Re2 {[%emt 0:01:46]} e5 {[%emt 0:00:56]} 24. Ne1 {[%emt 0:00:34]} exd4 {[%emt 0:01:54]} 25. Bd2 {[%emt 0:00:21]} Rxe2 {[%emt 0:00:52]} 26. Bf4+ {[%emt 0:00:04]} Qxf4 {[%emt 0:00:27]} 27. Qxe2 {[%emt 0:00:30]} Qxf2 {[%emt 0:00:29]} 28. Qxg4 {[%emt 0:00:12]} Qxe1+ {[%emt 0:00:09]} 29. Rd1 {[%emt 0:00:05]} Qe5 {[%emt 0:00:46]} 30. Rd3 {[%emt 0:00:30]} Re8 {[%emt 0:00:34]} 31. a3 {[%emt 0:00:43]} Qf5 {[%emt 0:01:53]} 32. Qd1 {[%emt 0:00:18]} Re3 {[%emt 0:00:19]} 33. Kc2 {[%emt 0:00:19]} Qxd3+ {[%emt 0:01:28]} 34. Qxd3 {[%emt 0:00:07]} Rxd3 {[%emt 0:00:05]} 35. Kxd3 {[%emt 0:00:02]} Kc7 {[%emt 0:03:21]} 36. b4 {[%emt 0:00:05]} Kd7 {[%emt 0:02:46]} 37. Ke4 {[%emt 0:00:11]} Ke6 {[%emt 0:00:08]} 38. a4 {[%emt 0:00:09]} h5 {[%emt 0:00:14]} 39. a5 {[%emt 0:00:18]} Be5 {[%emt 0:00:12]} 40. Kf3 {[%emt 0:00:16]} Kd5 {[%emt 0:00:06]} 41. g4 {[%emt 0:00:01]} d3 {[%emt 0:00:12]} 42. gxh5 {[%emt 0:00:14]} gxh5 {[%emt 0:00:06]} 43. Ke3 {[%emt 0:00:02]} Kc4 {[%emt 0:00:08]} 44. Ke4 {[%emt 0:00:02]} d2 {[%emt 0:00:06]} 45. Kxe5 {[%emt 0:00:02]} d1=Q {[%emt 0:00:07]} 46. Kf6 {[%emt 0:00:02]} Qf3+ {[%emt 0:00:09]} 47. Ke7 {[%emt 0:00:03]} Qd3 {[%emt 0:00:18]} 48. Kxf7 {[%emt 0:00:09]} Qd4 {[%emt 0:00:09]} 49. Ke7 {[%emt 0:00:04]} Kxb4 {[%emt 0:00:20]} 50. Kf7 {[%emt 0:00:09]} Qxh4 {[%emt 0:00:05]} 51. Ke8 {[%emt 0:00:04]} Qd4 {[%emt 0:00:06]} 52. Kf7 {[%emt 0:00:02]} h4 {[%emt 0:00:04]} 53. Ke6 {[%emt 0:00:03]} h3 {[%emt 0:00:05]} 54. Kf5 {[%emt 0:00:02]} h2 {[%emt 0:00:10]} 55. Kg6 {[%emt 0:00:02]} Qf2 {[%emt 0:00:08]} 56. Kg5 {[%emt 0:00:04]} h1=R {[%emt 0:00:07]} 57. Kg6 {[%emt 0:00:04]} Rg1+ {[%emt 0:00:06]} 0-1